Certifikácia osôb v oblasti manažérstva kvality

Dôležitosť kvalifikovaného personálu. Overovanie kvalifikácie personálu v oblasti manažérstva kvality. Certifikáty QM, M-EMS; QA, A-EMS.

Salvato in:
Dettagli Bibliografici
Autore principale: Bušfy, Ľubomír
Natura: Capitolo di libro
Lingua:slovacco
Soggetti:
Tags: Aggiungi Tag
Nessun Tag, puoi essere il primo ad aggiungerne!!

MARC

LEADER 00000naa$a2200000$$$4500
001 0068913
005 20231012070909.3
041 0 |a slo 
044 |a SK 
245 1 0 |a Certifikácia osôb v oblasti manažérstva kvality  |c Ľubomír Bušfy 
520 |a Dôležitosť kvalifikovaného personálu. Overovanie kvalifikácie personálu v oblasti manažérstva kvality. Certifikáty QM, M-EMS; QA, A-EMS. 
610 2 0 |a certifikácia 
610 2 0 |a manažment 
610 2 0 |a kvalita 
610 2 0 |a kvalifikácia 
100 1 |a Bušfy, Ľubomír